Precess geomorphology

Αποθηκεύτηκε σε:
Λεπτομέρειες βιβλιογραφικής εγγραφής
Κύριος συγγραφέας: Ritter, Dale F.
Άλλοι συγγραφείς: Kochel, R. Craig, Miller, Jerry R. (Jerry Russell) 1960-
Μορφή: Βιβλίο
Γλώσσα:English
Δημοσίευση: Dubuque, IA : Wm.C. Brown Publishers, c1995
Έκδοση:3rd ed.
Θέματα:
Ετικέτες: Προσθήκη ετικέτας
Δεν υπάρχουν, Καταχωρήστε ετικέτα πρώτοι!

MARC

LEADER 00000nam a2200000 i 4500
001 1/80286
008 990507s1995 eng d
020 |a 0-697-07632-6 
035 |l 10050597 
040 |a GR-MY-UA  |b gre  |e aacr 
041 0 |a eng 
082 0 |a 551.41 
100 1 |a Ritter, Dale F. 
245 1 0 |a Precess geomorphology /  |c Dale F. Ritter, R. Craig Kochel, Jerry R. Miller 
250 |a 3rd ed. 
260 |a Dubuque, IA :   |b Wm.C. Brown Publishers,   |c c1995 
300 |a xiii, 546 σ.;  |b εικ. (μερ. έγχρ.);  |c 29 εκ. 
504 |a Περιέχει βιβλιογραφικές παραπομπές (σ. 485-520) και ευρετήριο 
650 0 0 |a Geomorphology. 
700 1 |a Kochel, R. Craig. 
700 1 |a Miller, Jerry R.  |q (Jerry Russell)  |d 1960- 
852 |a INST  |b LESVOS  |e 19990507  |h 551.41 RIT  |p 005100016244  |q 005100016244  |t BK  |y 0 
901 |a BIBL1-1999-2 
909 |a Λ  |b 062118 
922 |a 1ΕΛΗ  |b 199812  |c ΚΠΣ/ΤΓ  |d LEADER 
950 |a 118-1998-10-19